Formal verification of distributed dynamic thermal management schemes using HOL4 (Record no. 13448)

000 -LEADER
fixed length control field 00498nam a22001337a 4500
082 ## - DEWEY DECIMAL CLASSIFICATION NUMBER
Classification number MSEE-4 SAR
100 ## - MAIN ENTRY--PERSONAL NAME
Personal name Muhammad Usama Sardar
9 (RLIN) 100386
245 ## - TITLE STATEMENT
Title Formal verification of distributed dynamic thermal management schemes using HOL4
260 ## - PUBLICATION, DISTRIBUTION, ETC.
Place of publication, distribution, etc. Islamabad
Name of publisher, distributor, etc. NUST-SEECS
Date of publication, distribution, etc. 2015
300 ## - PHYSICAL DESCRIPTION
Extent 50p.
Other physical details ill.;
Accompanying material CD ROM
500 ## - GENERAL NOTE
General note Dr. Osman Hasan, Dr. Muhammad Shafique, Dr. Muhammad Usman Ilyas, Syeda Hira Taqdees
856 ## - ELECTRONIC LOCATION AND ACCESS
Uniform Resource Identifier <a href="http://10.250.8.41:8080/xmlui/handle/123456789/8787">http://10.250.8.41:8080/xmlui/handle/123456789/8787</a>
942 ## - ADDED ENTRY ELEMENTS (KOHA)
Koha item type Project Report
Source of classification or shelving scheme
Holdings
Withdrawn status Lost status Damaged status Not for loan Collection code Permanent Location Current Location Shelving location Date acquired Total Checkouts Full call number Barcode Date last seen Date last checked out Price effective from Koha item type
          Central Library (CL) Central Library (CL) Reference 12/16/2015 2 MSEE-4 SAR SEECSP01763 10/19/2016 10/17/2016 12/16/2015 Project Report
© 2023 Central Library, National University of Sciences and Technology. All Rights Reserved.